00471nam a2200145 a 450000500170000000800410001702000150005805000250007310000240009824500750012226000430019730000290024052100080026965000480027720140310183429.0080108s19uu xx 00 eng d a0750669985 aG 155.A1b.V217 2007 aVan der Wagen, Lynn aHuman resource management for events :bmanaging the event workforce / aU.S.A :bButterworth-Heinemann,c2007. a255 p. :bill. ;c24 cm. aTOU aHospitality industryxpersonnel management.